000 00560nam a2200181Ia 4500
008 240925s9999 xx 000 0 und d
020 _a9780070531017
082 _a005.12076 GUS
100 _aGustafson, David
245 0 _aSchaum's Outlines Theory and Problems of Software Engineering
250 _aNA
260 _aNew Delhi:
_bMcGraw Hill Education (India) Private Limited
_c,2010.
300 _a194p.
_b0
_fOriginal
500 _aIncludes Index
600 _aComputer Science
650 _aComputer science, information & general works
942 _cBK
999 _c13767
_d13767